000 00536nam a2200217Ia 4500
005 20250425162606.0
008 250425s9999 xx 000 0 und d
020 _a9780073529288
041 _aeng
082 _a621.815
100 _aBUDYNAS, RICHARD G.
245 0 _aSHIGLEY S MECHANICAL ENGINEERING DESIGN
250 _a9TH ED.
260 _aEstados Unidos
_bMCGRAW-HILL
_c2011
260 _aNEW YORK
300 _a1082
650 _aDISEÑO DE MAQUINAS
700 _aNISBETT, J. KEITH
942 _c01
010 _a87978
999 _c232402
_d232402